Feminist activism and the politics of reform: (Record no. 507998)

000 -LEADER
fixed length control field 00481nam a2200145 4500
008 - FIXED-LENGTH DATA ELEMENTS--GENERAL INFORMATION
fixed length control field 190302b ||||| |||| 00| 0 eng d
100 ## - MAIN ENTRY--PERSONAL NAME
Personal name Goetz, Anne Marie
245 ## - TITLE STATEMENT
Title Feminist activism and the politics of reform:
Remainder of title when and why do states respond to demands for gender equality policies?
260 ## - PUBLICATION, DISTRIBUTION, ETC. (IMPRINT)
Date of publication, distribution, etc 2018
300 ## - PHYSICAL DESCRIPTION
Extent p.714-734.
650 ## - SUBJECT ADDED ENTRY--TOPICAL TERM
Topical term or geographic name as entry element Feminist mobilization
9 (RLIN) 2964
773 ## - HOST ITEM ENTRY
Main entry heading Development and Change
906 ## - LOCAL DATA ELEMENT F, LDF (RLIN)
Subject DIP Gender equality - Policy
942 ## - ADDED ENTRY ELEMENTS (KOHA)
Source of classification or shelving scheme
Item type Articles
Holdings
Withdrawn status Lost status Source of classification or shelving scheme Damaged status Not for loan Permanent location Current location Date acquired Serial Enumeration / chronology Barcode Date last seen Koha item type
          Indian Institute of Public Administration Indian Institute of Public Administration 2019-03-02 49(3), May, 2018: p.714-734. AR119125 2019-03-02 Articles

Powered by Koha